<?xml version="1.0" encoding="UTF-8"?>
<record
    xmlns:xsi="http://www.w3.org/2001/XMLSchema-instance"
    xsi:schemaLocation="http://www.loc.gov/MARC21/slim http://www.loc.gov/standards/marcxml/schema/MARC21slim.xsd"
    xmlns="http://www.loc.gov/MARC21/slim">

  <leader>01693nmm a2200241Ia 4500</leader>
  <datafield tag="020" ind1=" " ind2=" ">
    <subfield code="a">9780230547049</subfield>
  </datafield>
  <datafield tag="020" ind1=" " ind2=" ">
    <subfield code="a">0230547044</subfield>
  </datafield>
  <datafield tag="040" ind1=" " ind2=" ">
    <subfield code="c">DDC</subfield>
  </datafield>
  <datafield tag="082" ind1=" " ind2=" ">
    <subfield code="a">304 UNI 2007 A089 Or.</subfield>
  </datafield>
  <datafield tag="245" ind1="0" ind2="0">
    <subfield code="a">Human Development Report 2007/2008</subfield>
    <subfield code="b">fighting climate change : human solidarity in a divided world /</subfield>
  </datafield>
  <datafield tag="246" ind1="3" ind2="0">
    <subfield code="a">Fighting climate change: human solidarity in a divided world</subfield>
  </datafield>
  <datafield tag="260" ind1=" " ind2=" ">
    <subfield code="a">New York :</subfield>
    <subfield code="b">United Nations Development Programme ;</subfield>
    <subfield code="b">Palgrave Macmillan,</subfield>
    <subfield code="c">2007</subfield>
  </datafield>
  <datafield tag="500" ind1=" " ind2=" ">
    <subfield code="a">Title from title screen (viewed on Nov. 28, 2007)</subfield>
  </datafield>
  <datafield tag="520" ind1=" " ind2=" ">
    <subfield code="a">The report ...calls for a "twin track approach that combines stringent mitigation to limit 21st Century warming to less than 2&#xFFFD;&#xFFFD;&#xFFFD;C (3.6&#xFFFD;&#xFFFD;&#xFFFD; F) with strengthened international cooperation on adaptation.  On mitigation, the authors call on developed countries to ... cut greenhouse gas emissions by at least 80% of 1990 levels by 2050. It advocates a mix of carbon taxation, more stringent cap-and-trade programmes, energy regulation, and international cooperation on financing for low-carbon technology transfer. Turning to adaptation, the report warns that inequalities in ability to cope with climate change are emerging as an increasingly powerful driver of wider inequalities between and within counties. It calls on rich countries to put climate change adaptation at the centre of international partnerships on poverty reduction</subfield>
  </datafield>
  <datafield tag="650" ind1=" " ind2="0">
    <subfield code="a">Climatic changes</subfield>
  </datafield>
  <datafield tag="650" ind1=" " ind2="0">
    <subfield code="a">Climatic changes</subfield>
  </datafield>
  <datafield tag="650" ind1=" " ind2="0">
    <subfield code="a">Global warming</subfield>
  </datafield>
  <datafield tag="650" ind1=" " ind2="0">
    <subfield code="a">Global warming</subfield>
  </datafield>
  <datafield tag="650" ind1=" " ind2="0">
    <subfield code="a">Greenhouse gas mitigation</subfield>
  </datafield>
  <datafield tag="710" ind1="2" ind2=" ">
    <subfield code="a">United Nations Development Programme</subfield>
  </datafield>
  <datafield tag="856" ind1="4" ind2="0">
    <subfield code="u">http://hdr.undp.org/en/reports/global/hdr2007-2008/</subfield>
  </datafield>
  <datafield tag="942" ind1=" " ind2=" ">
    <subfield code="c">EK</subfield>
  </datafield>
  <datafield tag="999" ind1=" " ind2=" ">
    <subfield code="c">16129</subfield>
    <subfield code="d">16129</subfield>
  </datafield>
  <datafield tag="952" ind1=" " ind2=" ">
    <subfield code="0">0</subfield>
    <subfield code="1">0</subfield>
    <subfield code="4">0</subfield>
    <subfield code="6">304_000000000000000_UNI_2007_A089_OR</subfield>
    <subfield code="7">0</subfield>
    <subfield code="9">69929</subfield>
    <subfield code="a">LBA</subfield>
    <subfield code="b">LBA</subfield>
    <subfield code="c">A089</subfield>
    <subfield code="d">2018-01-15</subfield>
    <subfield code="o">304 UNI 2007 A089 Or.</subfield>
    <subfield code="p">RUA056271</subfield>
    <subfield code="r">2018-01-15</subfield>
    <subfield code="w">2018-01-15</subfield>
    <subfield code="y">EK</subfield>
  </datafield>
</record>
